00608nam a2200169 a 450000100100000000500170001000800410002702000180006804000250008610000270011124500460013826000410018430000210022550000700024695201050031699900170042100003826620201002031219.0130405s2011 dr a 000 0 spa d a9789945875812 aDO-SdBNPbspacBNPHU1 aMéndez, Mario94501413aEl legado de un mortal /cMario Méndez. aSanto Domingo :bSerrallés,c2011. a149 p. ;c22 cm. aIncluye datos biográficos del autor en la solapa de la cubierta 0010718PDaPDbPDcCTd2013-04-05iLF1l0o p38266-10r2020-06-25w2020-06-25yLFPDZNo se presta c37756d37756